Score 0/12 Timer 02:00
0 Plays Today
Scrambled British Term % Correct
ENUQE EBLAEZITHQueen Elizabeth
99.1%
NLONDOLondon
99%
IGB EBNBig Ben
99%
SOCDTLANScotland
97.1%
NIUON ACKJUnion Jack
94.4%
AHTMESThames
93.4%
RSI CSAAI ETNOWNSir Isaac Newton
88.3%
OINLWMBEDWimbledon
75.8%
INNOWST RLUCHLHCIWinston Churchill
74.7%
OWGLSAGGlasgow
72.3%
TWSIEETMRNS EBAYBWestminster Abbey
65.6%
GRTMEARA HETTHCARMargaret Thatcher
47.8%
Remove Ads.
Support Sporcle.
Get the best of Sporcle when you Go Orange. This ad-free experience offers more features, more stats, and more fun while also helping to support Sporcle. Thank you for becoming a member.

You're not logged in!

Compare scores with friends on all Sporcle quizzes.
OR
Log In

Show Comments

Extras

Top Quizzes Today


Score Distribution

Your Account Isn't Verified!

In order to create a playlist on Sporcle, you need to verify the email address you used during registration. Go to your Sporcle Settings to finish the process.

Report this User

Report this user for behavior that violates our Community Guidelines.

Details: